00724nam a2200205Ia 4500008004100000020001500041040001800056041000800074100002900082245012800111260007400239300001800313504002300331630002800354650002200382650001800404650002100422650001400443740006100457130821s1996 ck gr spa  a9589333788 aCo-BoUCMbspa00aspa1 aFarfan Molina, Francisco10aEutanasia, derechos humanos y ley penal un estudio sobre le derecho a disponer de la vida propiacFrancisco Farfan Molina. aBogotá (Cundinamarca, Colombia)bJurídicas Gustavo Ibañezc1996 a147 páginas aIncluye índices. aSentencia T-493 de 199304aDerecho comparado04aDerecho penal04aDerechos humanos04aEutanasia03aUn estudio sobre el derecho a disponer de la vida propia